000 00649nam a2200217 a 4500
005 20240808063708.0
008 991125n 000 0 spa u
035 _aUPN01000103320
100 1 _aFernández, Alfredo L.
222 _aREVISTA DE LA EDUCACION SUPERIOR
245 _aUna polémica sobre la calidad de la educación superior
300 _a193-204
362 0 _a1991 Vol.20, no. 3(79), jul.-sep.
653 0 _aCALIDAD EDUCATIVA
653 0 _aEDUCACION SUPERIOR
653 0 _aPOLITICA EDUCATIVA
700 1 _aLanda, Josu,
_d1953-
_ecoaut.
_940969
700 1 _aSantini, Laura
_ecoaut.
904 _aAC
_b041131
905 _aArticulo
999 _c78602
_d78602